000 01004nam a22002777a 4500
008 130821s1995 ck a gr spa
020 _a9589298362
040 _aCo-BoUCM
_bspa
041 0 _aspa
092 _aE63N020
100 1 _aVilla Ayala, Gilberto Alejandro
245 1 0 _aDépositos de Archivo
_bconsideraciones básicas para su gestión
_cGilberto Alejandro Villa Ayala.
260 _aBogotá (Cundinamarca, Colombia)
_bArchivo General de la Nación
_c1995
300 _a35 páginas
_bilustraciones
490 0 _aGuías y Manuales
_v2
504 _aIncluye bibliografía.
506 _aConsulta en sala.
650 0 4 _aAdministración de archivos
_98530
650 0 4 _aAlmacenamiento de documentos
_98852
650 0 4 _aBibliotecología
_910049
650 0 4 _aDistribución de espacios (Unidades de información)
650 0 4 _aEdificios de archivos
_913768
650 0 4 _aEdificios de bibliotecas
_913769
942 _cLIBRO
_a1
_e1
_2DEWEY
_h022
999 _c69497
_d69497